00446nam a2200121Ia 4500008004100000245011400041260002400155260000900179300000800188650002300196650001200219856009300231170516s9999 xx 000 0 und d aDiffusion-weighted MRI characteristics of the cerebral metastasis to brain boundary predicts patient outcomes bBMC Medical Imaging c2014 a14: xMedical Technology xMedtech uhttp://bmcmedimaging.biomedcentral.com/articles?query=&volume=14&searchType=&tab=keyword